The journey / (Record no. 3570)

MARC details
000 -LEADER
fixed length control field 00911nam a22002537a 4500
001 - CONTROL NUMBER
control field 3570
003 - CONTROL NUMBER IDENTIFIER
control field FISKH
005 - DATE AND TIME OF LATEST TRANSACTION
control field 20240320162139.0
008 - FIXED-LENGTH DATA ELEMENTS--GENERAL INFORMATION
fixed length control field 240320b cb ||||| |||| 00| 0 eng d
040 ## - CATALOGING SOURCE
Original cataloging agency FISK
Language of cataloging eng
Transcribing agency FISK
Modifying agency FISK
050 ## - LIBRARY OF CONGRESS CALL NUMBER
Classification number PZ7.L3274
082 ## - DEWEY DECIMAL CLASSIFICATION NUMBER
Classification number 813.54
100 ## - MAIN ENTRY--PERSONAL NAME
Personal name Lasky Kathryn
Dates associated with a name 1944-
245 ## - TITLE STATEMENT
Title The journey /
Statement of responsibility, etc. Kathryn Lasky
260 ## - PUBLICATION, DISTRIBUTION, ETC.
Place of publication, distribution, etc. New York :
Name of publisher, distributor, etc. Scholastic,
Date of publication, distribution, etc. 2003
300 ## - PHYSICAL DESCRIPTION
Extent 242 pages :
Dimensions 20 cm
490 ## - SERIES STATEMENT
Materials specified Guardians of ga'hoole
Series statement Book 2
505 ## - FORMATTED CONTENTS NOTE
Formatted contents note M
520 ## - SUMMARY, ETC.
Summary, etc. The Great Ga'Hoole tree is a mythic place where Soren, Gylfie, Twilight and Digger seek to find the means to fight the evil that infects the kngdom. There they will be tested in ways they never dreamed, but there they can learn to become true Ga'Hoolian owls--brave, wise, honest, true.
521 8# - TARGET AUDIENCE NOTE
Target audience note 810
Source Lexile
700 ## - ADDED ENTRY--PERSONAL NAME
Personal name Kathryn Lasky
942 ## - ADDED ENTRY ELEMENTS (KOHA)
Source of classification or shelving scheme Dewey Decimal Classification
Koha item type Books
Suppress in OPAC No
Holdings
Withdrawn status Lost status Source of classification or shelving scheme Damaged status Not for loan Collection Home library Current library Shelving location Date acquired Total Checkouts Full call number Barcode Date last seen Copy number Price effective from Koha item type
    Dewey Decimal Classification     Fiction Footprints International School Library Network Toul Kork Campus Footprints International School Library Network Toul Kork Campus TTP Secondary Fiction Bookshelves 03/20/2024   LAS PZ7.L3274 813.54 2024-0373 03/20/2024 1 03/20/2024 Books